01348nam a2200337 a 4500001001200000003000800012006001900020007001500039008004100054040002100095035002100116043001200137050002400149100002100173245011100194260006000305300002000365490004700385500002200432500001600454500002900470504004100499533015200540650005800692650003800750655002900788710003300817710001700850856012600867999001700993ebr10046574CaPaEBRm u cr cn|||||||||090731s2002 dcu sb 000 0 eng d aCaPaEBRcCaPaEBR a(OCoLC)568295951 an-us---14aKF3790b.H68 2002eb1 aHouck, Oliver A.14aThe Clean Water Act TMDL program Vh[electronic resource] :baftershock and prelude /cby Oliver A. Houck. aWashington, D.C. :bEnvironmental Law Institute,c2002. ap. 10385-10419.0 aEnvironmental law reporter news & analysis a"4-2002, 32 ELR". a"Articles." aTwo columns to the page. aIncludes bibliographical references. aElectronic reproduction.bPalo Alto, Calif. :cebrary,d2009.nAvailable via World Wide Web.nAccess may be limited to ebrary affiliated libraries. 0aWaterxPollutionxLaw and legislationzUnited States. 0aEnvironmental lawzUnited States. 7aElectronic books.2local2 aEnvironmental Law Institute.2 aebrary, Inc.40uhttp://site.ebrary.com/lib/rucke/Doc?id=10046574zAn electronic book accessible through the World Wide Web; click to view c74358d74358